The law and business administration in Canada

Đã lưu trong:
Bibliografiske detaljer
Hovedforfatter:  Smyth, J. E
Format: Sách
Sprog:Undetermined
Udgivet:  Prentice-Hall of Canada  2007
Fag:
Tags: Tilføj Tag
Ingen Tags, Vær først til at tagge denne postø!
Thư viện lưu trữ: Trung tâm Thư viện - Trường Đại học Công nghiệp TP. Hồ Chí Minh
LEADER 00498nam a2200157Ia 4500
001 UIH_06228
008 231011s9999 xx 000 0 und d
082 |a  346.0771 
100 |a  Smyth, J. E 
245 0 |a  The law and business administration in Canada 
245 0 |c  Smyth, J. E 
260 |b  Prentice-Hall of Canada 
260 |c  2007 
650 |a  Luật thương mại;  
927 |a Sách 
980 |a Trung tâm Thư viện - Trường Đại học Công nghiệp TP. Hồ Chí Minh